000 00388nam a2200133Ia 4500
005 20260328104244.0
008 260328s9999||||xx |||||||||||||| ||und||
100 _aErroz, Francisco Javier
245 0 _al Guia de Arquitectura de Panamá /
_cFrancisco Javier Erroz
260 _bInstituto Panameño de Arquitectura y Urbanismo
300 _a131 p.
650 _aARQUITECTURA
942 _cBK
999 _c10016
_d10016